000 00554nam a2200181 i 4500
001 90123
003 ES-MaACL
005 20230906180345.0
007 t|
008 050118s1961 sp ||||1| spa d
100 1 _aLefebvre, Xavier.
_971230
245 1 3 _aEl niño ante Dios /
_cJavier Lefebvre, Luis Perin ; [versión española de Isidro Larrauri].
260 _a[Bilbao] :
_bDesclée de Brouwer,
_c1961.
300 _a262 p. ;
_c18 cm.
700 1 _aPerin, Luis.
_991271
700 1 _aLarrauri, Isidro.
_970321
852 _aES-MaACL
_jG-9664
_bR.48347
999 _c90123
_d90123